| 000 | 00379nam a22001697a 4500 | ||
|---|---|---|---|
| 003 | CEME | ||
| 005 | 20210628204009.0 | ||
| 008 | 210106b xxu||||| |||| 00| 0 eng d | ||
| 020 | _a0590442511 | ||
| 040 | _c. | ||
| 082 | _a823 KLA | ||
| 100 |
_aKlass, Sheila Solomon _968191 |
||
| 245 | _aRhino | ||
| 260 |
_aUSA _bSCHOLASTIC INC _c1993 |
||
| 300 | _a161P | ||
| 942 |
_cBK _2ddc |
||
| 999 |
_c575813 _d575813 |
||